Jordan. (Record no. 467)

MARC details
000 -LEADER
fixed length control field 01123cas a2200373 a 4500
005 - DATE AND TIME OF LATEST TRANSACTION
control field 20260322212021.0
008 - FIXED-LENGTH DATA ELEMENTS--GENERAL INFORMATION
fixed length control field data
010 ## - LIBRARY OF CONGRESS CONTROL NUMBER
LC control number 2006207414
012 ## -
-- -3-7-0701271482-p----- a
020 ## - INTERNATIONAL STANDARD BOOK NUMBER
International Standard Book Number 1740591658
020 ## - INTERNATIONAL STANDARD BOOK NUMBER
International Standard Book Number 9781740591652
022 0# - INTERNATIONAL STANDARD SERIAL NUMBER
International Standard Serial Number 1935-0864
Source 1
037 ## - SOURCE OF ACQUISITION
Source of stock number/acquisition Lonely Planet, 150 Linden St., Oakland, CA 94607
040 ## - CATALOGING SOURCE
Original cataloging agency MoS
Transcribing agency MoS
Modifying agency OCoLC
-- OCoLC
-- DLC
-- NSDP
-- OCoLC
042 ## - AUTHENTICATION CODE
Authentication code nsdp
-- nsdp
043 ## - GEOGRAPHIC AREA CODE
Geographic area code a-jo---
050 00 - LIBRARY OF CONGRESS CALL NUMBER
Classification number DS153.A4
Item number .J668
082 10 - DEWEY DECIMAL CLASSIFICATION NUMBER
Classification number 915
Edition information 14
092 ## - LOCALLY ASSIGNED DEWEY CALL NUMBER (OCLC)
Classification number 915.69 J668 2003
001 - CONTROL NUMBER
control field data
100 1# - MAIN ENTRY--PERSONAL NAME
Personal name Ham, Anthony
130 0# - MAIN ENTRY--UNIFORM TITLE
Uniform title Jordan (Lonely Planet Publications (Firm))
222 #0 - KEY TITLE
Key title Jordan
Qualifying information (Lonely Planet Publications (Firm))
245 10 - TITLE STATEMENT
Title Jordan.
Statement of responsibility, etc. Anthony Ham & Paul Greenway.
246 3# - VARYING FORM OF TITLE
Title proper/short title Lonely Planet Jordan
250 ## - EDITION STATEMENT
Edition statement 5th edition.
260 ## - PUBLICATION, DISTRIBUTION, ETC.
Place of publication, distribution, etc. Oakland, Calif. :
-- Oakland, Calif. :
Name of publisher, distributor, etc. Lonely Planet Publications,
Date of publication, distribution, etc. 2000-
300 ## - PHYSICAL DESCRIPTION
Extent 295 p.
Other physical details ill., map ;
Dimensions 19 cm.
362 0# - DATES OF PUBLICATION AND/OR SEQUENTIAL DESIGNATION
Dates of publication and/or sequential designation 4th ed. (2000)-
440 #0 - SERIES STATEMENT/ADDED ENTRY--TITLE
Title Lonely Planet guidebooks
651 #0 - SUBJECT ADDED ENTRY--GEOGRAPHIC NAME
Geographic name Jordan
Form subdivision Guidebooks.
700 1# - ADDED ENTRY--PERSONAL NAME
Personal name Greenway, Paul
780 01 - PRECEDING ENTRY
Title Jordan & Syria
Record control number (OCoLC)36542349
Holdings
Withdrawn status Lost status Damaged status Not for loan Home library Current library Shelving location Date acquired Total checkouts Full call number Barcode Date last seen Price effective from Koha item type
        Franklin Franklin General stacks 22/03/2026   915 14 BC0010478 22/03/2026 22/03/2026 Books